[Event "FICGS W-ch st1 g06 email"]
[Site "FICGS email"]
[Date "2009.02.03"]
[Round "1"]
[White "Wingo, Michael"]
[Black "Faust, Dieter"]
[Result "0-1"]
[WhiteElo "2014"]
[BlackElo "1785"]
[PlyCount "22"]
[EventDate "2009.??.??"]
[EventType "tourn (corr)"]
[EventRounds "8"]
[SourceTitle "Corr 2022"]
[Source "ChessBase"]
[SourceDate "2021.10.24"]
[SourceVersion "1"]
[SourceVersionDate "2021.10.24"]
[SourceQuality "1"]

1. d4 Nf6 2. c4 e6 3. g3 c5 4. d5 exd5 5. cxd5 d6 6. Nc3 g6 7. Bg2 Bg7 8. Nf3 0-0 9. 0-0 Re8 10. Bf4 Na6 11. Nb5 Bf8 0-1

[Event "FICGS W-ch st1 g06 email"]
[Site "FICGS email"]
[Date "2009.02.03"]
[Round "1"]
[White "Wingo, Michael"]
[Black "Khachaturov, Vadim"]
[Result "0-1"]
[WhiteElo "2014"]
[BlackElo "2194"]
[PlyCount "26"]
[EventDate "2009.??.??"]
[EventType "tourn (corr)"]
[EventRounds "8"]
[SourceTitle "Corr 2022"]
[Source "ChessBase"]
[SourceDate "2021.10.24"]
[SourceVersion "1"]
[SourceVersionDate "2021.10.24"]
[SourceQuality "1"]

1. d4 Nf6 2. c4 e6 3. g3 c5 4. d5 exd5 5. cxd5 d6 6. Nc3 g6 7. Bg2 Bg7 8. Nf3 0-0 9. 0-0 a6 10. a4 Nbd7 11. Bf4 Qe7 12. h3 Nh5 13. Bg5 f6 0-1

[Event "FICGS W-ch st1 g06 email"]
[Site "FICGS email"]
[Date "2009.02.03"]
[Round "1"]
[White "Wingo, Michael"]
[Black "Lopez, Victor"]
[Result "0-1"]
[WhiteElo "2014"]
[BlackElo "1919"]
[PlyCount "22"]
[EventDate "2009.??.??"]
[EventType "tourn (corr)"]
[EventRounds "8"]
[SourceTitle "Corr 2022"]
[Source "ChessBase"]
[SourceDate "2021.10.24"]
[SourceVersion "1"]
[SourceVersionDate "2021.10.24"]
[SourceQuality "1"]

1. d4 Nf6 2. c4 g6 3. g3 c5 4. d5 b5 5. cxb5 a6 6. bxa6 Bg7 7. Nc3 d6 8. Bg2 Qa5 9. Bd2 0-0 10. Nf3 Nxa6 11. 0-0 Qb6 0-1

[Event "FICGS rapid A 000058 email"]
[Site "FICGS email"]
[Date "2009.01.13"]
[Round "1"]
[White "Riha, Josef"]
[Black "Wingo, Michael"]
[Result "1-0"]
[WhiteElo "1948"]
[BlackElo "2014"]
[PlyCount "67"]
[EventDate "2009.??.??"]
[EventType "tourn (rapid)"]
[EventRounds "6"]
[SourceTitle "Corr 2022"]
[Source "ChessBase"]
[SourceDate "2021.10.24"]
[SourceVersion "1"]
[SourceVersionDate "2021.10.24"]
[SourceQuality "1"]

1. e4 e5 2. Nf3 Nc6 3. Bb5 a6 4. Ba4 Nf6 5. 0-0 Be7 6. Re1 b5 7. Bb3 d6 8. c3 0-0 9. h3 Na5 10. Bc2 c5 11. d4 Qc7 12. Nbd2 Nc6 13. d5 Nd8 14. a4 Rb8 15. axb5 axb5 16. b4 Bd7 17. bxc5 Qxc5 18. Re3 Qc7 19. Ba3 Re8 20. Bb4 Nb7 21. Nb3 Bf8 22. Ra7 Qb6 23. Qa1 Nc5 24. Nxc5 dxc5 25. Ra6 Qb7 26. Nxe5 Rxe5 27. Ra7 Qb6 28. Ra6 Qc7 29. Ba5 Qb7 30. Rb6 Qa7 31. Rxb8 Qxb8 32. c4 b4 33. Bb6 Re8 34. Qa5 1-0

[Event "FICGS rapid A 000058 email"]
[Site "FICGS email"]
[Date "2009.01.13"]
[Round "1"]
[White "Soszynski, Marek J"]
[Black "Wingo, Michael"]
[Result "1-0"]
[WhiteElo "1921"]
[BlackElo "2014"]
[PlyCount "59"]
[EventDate "2009.??.??"]
[EventType "tourn (rapid)"]
[EventRounds "6"]
[SourceTitle "Corr 2022"]
[Source "ChessBase"]
[SourceDate "2021.10.24"]
[SourceVersion "1"]
[SourceVersionDate "2021.10.24"]
[SourceQuality "1"]

1. d4 e6 2. Nd2 d5 3. e4 Be7 4. e5 c5 5. Qg4 Bf8 6. dxc5 Qc7 7. Qg3 Nd7 8. Ngf3 Nh6 9. Bd3 Nxc5 10. Nd4 f6 11. Bb5+ Kf7 12. exf6 Qxg3 13. fxg3 gxf6 14. N2b3 Ng4 15. h3 Ne5 16. 0-0 a6 17. Be2 Ne4 18. g4 Rg8 19. Nf3 Bd6 20. Nxe5+ Bxe5 21. c3 Ng3 22. Rf2 Bd7 23. Bf3 Rad8 24. Be3 Bc6 25. Na5 Bc7 26. Nxc6 bxc6 27. Rc1 Rb8 28. c4 Be5 29. b3 Rgd8 30. Rd2 1-0

[Event "FICGS class A 000048 email"]
[Site "FICGS email"]
[Date "2009.01.05"]
[Round "1"]
[White "Wingo, Michael"]
[Black "Sammut, Ronald"]
[Result "0-1"]
[WhiteElo "2014"]
[BlackElo "2063"]
[PlyCount "24"]
[EventDate "2009.??.??"]
[EventType "tourn (corr)"]
[EventRounds "6"]
[SourceTitle "Corr 2022"]
[Source "ChessBase"]
[SourceDate "2021.10.24"]
[SourceVersion "1"]
[SourceVersionDate "2021.10.24"]
[SourceQuality "1"]

1. d4 Nf6 2. c4 e6 3. g3 d5 4. Nf3 dxc4 5. Bg2 a6 6. 0-0 Nc6 7. Nc3 Rb8 8. e4 Be7 9. Qe2 b5 10. Rd1 Nb4 11. d5 exd5 12. e5 0-0 0-1

[Event "FICGS class A 000048 email"]
[Site "FICGS email"]
[Date "2009.01.05"]
[Round "1"]
[White "Wosch, Arkadiusz Janusz"]
[Black "Wingo, Michael"]
[Result "1-0"]
[WhiteElo "2001"]
[BlackElo "2014"]
[PlyCount "33"]
[EventDate "2009.??.??"]
[EventType "tourn (corr)"]
[EventRounds "6"]
[SourceTitle "Corr 2022"]
[Source "ChessBase"]
[SourceDate "2021.10.24"]
[SourceVersion "1"]
[SourceVersionDate "2021.10.24"]
[SourceQuality "1"]

1. e4 e5 2. Nf3 Nc6 3. Bc4 Bc5 4. c3 Nf6 5. d3 a6 6. 0-0 Ba7 7. Bb3 d6 8. Nbd2 0-0 9. h3 Be6 10. Re1 Bxb3 11. Qxb3 Qd7 12. Nf1 h6 13. Be3 Bxe3 14. Nxe3 Ne7 15. d4 exd4 16. cxd4 Qb5 17. Qc2 1-0

[Event "FICGS rapid A 000057 email"]
[Site "FICGS email"]
[Date "2009.01.03"]
[Round "1"]
[White "Blinchevsky, Alexander"]
[Black "Wingo, Michael"]
[Result "1-0"]
[WhiteElo "1969"]
[BlackElo "2014"]
[PlyCount "49"]
[EventDate "2009.??.??"]
[EventType "tourn (rapid)"]
[EventRounds "6"]
[SourceTitle "Corr 2022"]
[Source "ChessBase"]
[SourceDate "2021.10.24"]
[SourceVersion "1"]
[SourceVersionDate "2021.10.24"]
[SourceQuality "1"]

1. d4 e6 2. c4 Nf6 3. Nf3 c5 4. d5 exd5 5. cxd5 d6 6. Nc3 g6 7. e4 Bg7 8. h3 0-0 9. Bd3 Nh5 10. 0-0 Nd7 11. Re1 Re8 12. g4 Nhf6 13. Bf4 Bf8 14. a4 a6 15. Qc2 b6 16. Be2 Qc7 17. Nd2 Ne5 18. Be3 h6 19. f4 Ned7 20. Rad1 Bg7 21. Nf3 Nh7 22. Bc4 Qd8 23. Bf2 Bb7 24. Qc1 g5 25. Bg3 1-0

[Event "FICGS rapid A 000057 email"]
[Site "FICGS email"]
[Date "2009.01.03"]
[Round "1"]
[White "Wingo, Michael"]
[Black "Nichols, Scott"]
[Result "0-1"]
[WhiteElo "2014"]
[BlackElo "2001"]
[PlyCount "72"]
[EventDate "2009.??.??"]
[EventType "tourn (rapid)"]
[EventRounds "6"]
[SourceTitle "Corr 2022"]
[Source "ChessBase"]
[SourceDate "2021.10.24"]
[SourceVersion "1"]
[SourceVersionDate "2021.10.24"]
[SourceQuality "1"]

1. d4 d5 2. c4 c6 3. Nf3 Nf6 4. e3 e6 5. b3 Be7 6. Bb2 Nbd7 7. Bd3 b6 8. 0-0 Bb7 9. Nc3 Qc7 10. Qc2 0-0 11. Ne5 Rac8 12. Rad1 g6 13. f4 a6 14. Qe2 dxc4 15. bxc4 c5 16. a4 cxd4 17. exd4 Rfd8 18. Nb1 Bb4 19. Nd2 Ne8 20. Ndf3 Nxe5 21. fxe5 Be7 22. Qf2 Ng7 23. g4 Qc6 24. Ra1 Rd7 25. a5 Rcd8 26. d5 exd5 27. Nd4 Bc5 28. Nxc6 Bxf2+ 29. Rxf2 Bxc6 30. axb6 Ne6 31. Rc1 dxc4 32. Bxc4 Ng5 33. Kf1 Bf3 34. Be2 Bxe2+ 35. Rxe2 Ne6 36. Bc3 Rb8 0-1

[Event "FICGS class C 000103 email"]
[Site "FICGS email"]
[Date "2008.12.23"]
[Round "1"]
[White "Wingo, Michael"]
[Black "Parmet, Daniel Edward"]
[Result "0-1"]
[WhiteElo "1858"]
[BlackElo "1719"]
[PlyCount "30"]
[EventDate "2008.??.??"]
[EventType "tourn (corr)"]
[EventRounds "4"]
[SourceTitle "Corr 2022"]
[Source "ChessBase"]
[SourceDate "2021.10.24"]
[SourceVersion "1"]
[SourceVersionDate "2021.10.24"]
[SourceQuality "1"]

1. d4 d5 2. c4 c6 3. Nf3 e6 4. e3 Nf6 5. b3 Nbd7 6. Bb2 Bd6 7. Nbd2 0-0 8. Bd3 b6 9. 0-0 Bb7 10. Ne5 Qc7 11. f4 c5 12. Rc1 Rac8 13. cxd5 Nxd5 14. Qh5 N7f6 15. Qh3 Qe7 0-1